All Manufacturers to Win a NASCAR Manufacturer's Championship - Statistics

General Stats
  • This quiz has been taken 664 times
  • The average score is 7 of 9
Answer Stats
Total Championships Manufacturer % Correct
17 Ford
100%
40 Chevrolet
97%
3 Toyota
95%
2 Dodge
92%
1 Pontiac
76%
2 Buick
67%
3 Oldsmobile
54%
1 Plymouth
49%
3 Hudson
33%
No matching quizzes found
Score Distribution
Percent of People with Each Score
Percentile by Number Answered
Your Score History
You have not taken this quiz